Ιστορία
Αποθηκεύτηκε σε:
| Κύριος συγγραφέας: | |
|---|---|
| Άλλοι συγγραφείς: | , |
| Μορφή: | Βιβλίο |
| Γλώσσα: | Greek Ancient Greek |
| Δημοσίευση: |
Αθήνα :
Κανάκης,
2005.
|
| Σειρά: | Κείμενα βυζαντινής ιστοριογραφίας ;
v.14 |
| Θέματα: | |
| Ετικέτες: |
Προσθήκη ετικέτας
Δεν υπάρχουν, Καταχωρήστε ετικέτα πρώτοι!
|
MARC
| LEADER | 00000cam a2200000 i 4500 | ||
|---|---|---|---|
| 001 | 1/56947 | ||
| 008 | 071005s2005 gr | ||| |||| ||gre|| | ||
| 020 | |a 9607420888 | ||
| 035 | |l 10091234 | ||
| 040 | |a GR-MY-UA |b gre |e aacr | ||
| 041 | 1 | |a gre |h grc | |
| 082 | 7 | |a 938.301 |2 (22) | |
| 100 | 0 | |a Θεοφύλακτος Σιμοκάττης, |d 7ος αι. μ.Χ. | |
| 245 | 1 | 0 | |a Ιστορία / |c Θεοφύλακτος Σιμοκράττης ; μετάφραση: Δέσποινα Τσουκλίδου ; εισαγωγή, σχόλια: Δημήτρης Τσουγκαράκης. |
| 260 | |a Αθήνα : |b Κανάκης, |c 2005. | ||
| 300 | |a 602 σ. ; |c 21 εκ. | ||
| 490 | 1 | |a (Κείμενα βυζαντινής ιστοριογραφίας ; |v vol.14) | |
| 500 | |a Μέσα στο βιβλίο ως αριθμός της σειράς αναγράφετε το νούμερο 9. | ||
| 500 | |a Αρχαία ελληνικά και νεοελληνική μετάφραση σε αντικριστές σελίδες. | ||
| 504 | |a Περιέχει βιβλιογραφικές παραπομπές και ευρετήριο. | ||
| 600 | 0 | 0 | |a Θεοφύλακτος Σιμοκάττης, |d 7ος αι. μ.Χ. |
| 651 | 0 | |a Byzantine Empire |x History |y Maurice, 582-602 |x Sources. | |
| 700 | 1 | |a Τσουκλίδου-Πέννα, Δέσποινα, |e trlf | |
| 700 | 1 | |a Τσουγκαράκης, Δημήτρης Ι. |e aui | |
| 830 | 0 | |a Κείμενα βυζαντινής ιστοριογραφίας ; |v v.14 | |
| 852 | |a INST |b LESVOS |e 20071005 |h 938.301 ΘΕΟ |p 005100041019 |q 005100041019 |t BK |y 0 | ||
| 901 | |a BIBL1-2007-3 | ||
| 909 | |a Λ |b 139074 | ||
| 922 | |a 1ΕΛΗ |b 200708 |c ΕΠΕΑΕΚ2/ΤΚΑ |d Σ. ΠΑΤΑΚΗΣ | ||
| 970 | |a ΚΑΡΑ |b ΓΙΑΣΕΜΗ |z 2007/10/05 | ||